Contratos de prestaȯ̂ de serviȯs e mitigaȯ̂ de riscos

Detalles Bibliográficos
Autor principal: Brandô Fontoura, Rodrigo
Formato: eBook
Lenguaje:portugués
Publicado: Indaiatuba: Editora Foco, 2021
Materias:
Acceso en línea:Acceso restringido

MARC

LEADER 00000nam a22000007a 4500
005 20211125221147.0
007 cr|||| ||||
008 211125s2021 br |||||s|||| 00||0 por d
020 |a 978-65-5515-200-5 
035 |a 35445 
040 |a vLex 
090 |c 12698  |d 12698 
100 1 |a Brandô Fontoura, Rodrigo 
245 1 0 |a Contratos de prestaȯ̂ de serviȯs e mitigaȯ̂ de riscos  |h [Recurso electrn̤ico] /  |c Rodrigo Brandô Fontoura 
256 |a Servicio en ln̕ea 
260 |a Indaiatuba:  |b Editora Foco,  |c 2021 
300 |a 1 recurso electrn̤ico 
500 |a Este livro representa uma forma didt̀ica e estruturada de corrigir duas situaė̳s que sô recorrentes no universo dos contratos de prestaȯ̂ de serviȯs: primeiramente, a de resgatar a importńcia conjuntural e sistemt̀ica do tema, relegado a um segundo plano pela literatura especializada, na medida em que nô existem obras especf̕icas que tratem exclusivamente sobre esse tipo de instrumento, com o cuidado que ele realmente merece. Desta feita, tendo em vista esta lacuna doutrinr̀ia e complementando teoria com prt̀ica, o livro foi escrito nô apenas para operadores do Direito, mas sim para toda uma coletividade de pessoas: agentes, gestores, executivos e interessados em geral que estejam envolvidos nas relaė̳s cotidianas de prestaȯ̂ de serviȯs. Alm̌ disso e fundamentalmente, a obra busca demonstrar qual a melhor forma de estancar a sangria indenizatr̤ia a que estô sujeitas as partes que precisam utilizar-se do instituto prestaȯ̂ de serviȯs, esclarecendo atravš da seara contratual quais sô, preventivamente, as melhores formas de se mitigarem os riscos incidentes e evitar a imputaȯ̂ de responsabilidade. O objetivo do livro, pois, ̌respaldar todos aqueles que procuram seguir um dever bs̀ico dos profissionais que atuam na r̀ea contratual: fazer a gestô nô s ̤do contrato em si, mas tambm̌ de todas as etapas que constituem sua formalizaȯ̂ (considerando a fase anterior ̉pactuaȯ̂ do instrumento, a fase de negociaȯ̂ das condiė̳s nele inseridas e a fase de gestô propriamente dita). Obra recomendada para operadores do Direito e profissionais das r̀eas jurd̕ica, de Gestô de Contratos, de Suprimentos, de Recursos Humanos, bem como para administradores, gestores e sc̤ios de empresas. Leitura complementar para as disciplinas Contratos Empresariais, Direito Contratual, Direito Civil e Direito das Obrigaė̳s do curso de graduaȯ̂ em Direito. 
506 1 |a Disponible solo en los productos indicados  |d vLex Global  |d vLex Global (Academic Edition, excluding Law Schools)  |d vLex Global (U.S. Academic Edition, Law Schools)  |d vLex Global (U.S. Academic Edition, excluding Law Schools)  |d vLex Global (Academic Edition, Law Schools) 
650 0 4 |a Derecho Civil  |z Brasil 
740 0 |a vLex Libros (Servicio en ln̕ea) 
856 4 0 |u https://app.vlex.com/#/sources/35445  |z Acceso restringido 
942 |c BOOK 
999 0 |a Civil Law